000 00836nam a2200169Ia 4500
008 100122s9999 xx 000 0 und d
082 _b30873
_a821.09
100 _aमर्ढेकर बा सी
245 _aमर्ढेकरांचे सौदर्यशास्त्र पुनर्विचार (वा.क.क्र.1/3)
250 _a0
260 _bयुनिव्हर्सल पब्लिकेशन
_c1976
300 _a116
630 _aमर्ढेकरांचे सौदर्यशास्त्र पुनर्विचार (वा.क.क्र.1/3)
700 _aदीक्षित कमलाकर
730 _aमर्ढेकरांचे सौदर्यशास्त्र पुनर्विचार (वा.क.क्र.1/3)
942 _cBOOK
999 _c415650
_d415647